| 000 | 00802pam a2200241 a 4500 | ||
|---|---|---|---|
| 001 | 633248 | ||
| 003 | ARRUPE | ||
| 005 | 20131014163725.0 | ||
| 008 | 930721s1994 mnua 001 0 eng | ||
| 010 | _a 93005948 | ||
| 020 | _a0314027548 (alk. paper) | ||
| 040 |
_aDLC _cDLC _dDLC |
||
| 050 | 0 | 0 |
_aHB172 _b.T74 1994 |
| 100 | 1 |
_aTresch, Richard W. _92530 |
|
| 245 | 1 | 0 |
_aPrinciples of economics / _cRichard W. Tresch. |
| 260 |
_aMinneapolis/St. Paul : _bWest Pub. Co., _cc1994. |
||
| 300 |
_a1 v. (various pagings) : _bcol. ill. ; _c27 cm. |
||
| 500 | _aIncludes index. | ||
| 650 | 0 |
_aEconomics. _92531 |
|
| 906 |
_a7 _bcbc _corignew _d1 _eocip _f19 _gy-gencatlg |
||
| 942 |
_2lcc _cMONOGRAPH |
||
| 999 |
_c118348 _d118348 |
||